University Home | Library Home | Institutional Repository

Explanation of the geological map of the country east of Kariba. (Record no. 80933)

MARC details
000 -LEADER
fixed length control field 00479cam5a220018100 4500
001 - CONTROL NUMBER
control field tmp15903613
003 - CONTROL NUMBER IDENTIFIER
control field UPRA
005 - DATE AND TIME OF LATEST TRANSACTION
control field 20190816090008.0
008 - FIXED-LENGTH DATA ELEMENTS--GENERAL INFORMATION
fixed length control field 951109s1976 xx eng u
035 ## - SYSTEM CONTROL NUMBER
System control number (Sirsi) r37507
035 ## - SYSTEM CONTROL NUMBER
System control number (UPRA)tmp15903613
040 ## - CATALOGING SOURCE
Transcribing agency UPRA
100 1# - MAIN ENTRY--PERSONAL NAME
Personal name Broderic, T. J.
Linkage A99359.1
245 10 - TITLE STATEMENT
Title Explanation of the geological map of the country east of Kariba.
260 ## - PUBLICATION, DISTRIBUTION, ETC.
Date of publication, distribution, etc. 1976.
949 ## - LOCAL PROCESSING INFORMATION (OCLC)
a C.S(O8)5
w lcc
m MAIN
t BOOK
l ON-SHELF

No items available.

© 2026 - The University of Zambia Library - Koha v25.11